[Event "Capablanca Memorial Elite 46th"]
[Site "Havana"]
[Date "2011.05.19"]
[Round "8"]
[White "Ivanchuk, Vassily"]
[Black "Andreikin, Dmitry"]
[Result "1-0"]
[WhiteElo "2776"]
[BlackElo "2687"]
[Annotator "Stohl,I"]
[PlyCount "91"]
[EventDate "2011.05.11"]
[EventType "tourn"]
[EventRounds "10"]
[EventCountry "CUB"]
[EventCategory "19"]
[SourceTitle "CBM 143"]
[Source "ChessBase"]
[SourceDate "2011.07.15"]
[SourceVersion "1"]
[SourceVersionDate "2011.07.15"]
[SourceQuality "1"]

1. d4 Nf6 2. c4 c5 3. d5 g6 4. Nc3 Bg7 5. e4 d6 6. Nge2 {Ivanchuk chooses a
rare setup, which quickly leads to a Modern Benoni position.} ({White's most
usual options in this positon are} 6. Nf3) (6. f4) ({and} 6. Bd3) 6... O-O 7.
Ng3 a6 ({Although Black usually inserts the text move sooner or later, right
now a more flexible and common alternative is} 7... e6 8. Be2 (8. f3 exd5 9.
cxd5 {leads to a position, which arises more often via different move-orders 
(White plays f3 earlier). Here Black has the interesting motif} Nh5 $5 10. Nxh5
gxh5 11. Bd3 f5 12. O-O Na6 13. a3 Bd7 14. Qc2 Qf6 15. Kh1 Rac8 16. Be3 c4 17.
Be2 b5 18. Bxa7 Nc5 19. Rad1 Kh8 20. Bxc5 Rxc5 21. f4 h4 $44 {/+/=,Chernin,A 
(2610)-Glek,I (2580)/2 BLW 9899/1999/}) 8... exd5 (8... Na6 9. O-O Nc7 10. Bg5
h6 11. Be3 exd5 12. cxd5 b6 (12... h5 13. f3 Re8 14. Qd2 b5 15. Bxb5 Nxb5 16.
Nxb5 Ba6 17. a4 Qd7 18. Bh6 Bh8 19. Bf4 h4 20. Ne2 Bxb5 21. axb5 h3 22. gxh3 (
22. Ra6 $5 $36) 22... Nh5 23. Ra5 Rab8 24. Be3 Rxb5 $44 {Sakaev,K (2629)
-Romanov,E (2624)/RUS-ch qual Taganrog/2011/}) 13. Qd2 h5 14. Bg5 Qd7 $5 15. h3
(15. a4 $142) 15... Nh7 16. Bh6 h4 17. Bxg7 Kxg7 18. Nh1 f5 19. f4 Bb7 20. Nf2
b5 21. a3 a5 22. b3 {Dreev,A (2655)-Kamble,V (2412)/Bhubaneswar/2010/} Nf6 $132
) 9. cxd5 Na6 {can be similar, or directly transpose to 8...Na6:} (9... h5 10.
Bg5 Nbd7 11. O-O a6 12. a4 Re8 13. Qd2 Qb6 (13... Qa5 $13) 14. Rfe1 Nh7 15. Be3
h4 16. Nf1 h3 17. g3 Ne5 18. Qc2 Bd7 (18... Ng4 $142) 19. Nd2 Ng4 20. Bxg4 Bxg4
21. f3 Bd7 22. Nc4 Qc7 23. a5 $14 {Bareev,E (2711)-Kazhgaleyev,M (2596)/
Playchess blitz/2004/}) 10. O-O Nc7 11. a4 (11. Bg5 h6 12. Be3 {-8...Na6})
11... b6 12. Bg5 h6 13. Be3 Re8 14. Rb1 Ba6 15. b4 (15. f3 $5) 15... Ng4 16.
Bd2 Bxe2 17. Ncxe2 h5 (17... cxb4 $5 {/\Na6-c5<=>}) 18. f3 Ne5 19. bxc5 bxc5
20. Qc2 Qc8 21. Ba5 Re7 22. Bc3 h4 23. Nh1 Qa6 24. Nf2 Qc4 25. Rfc1 Rae8 26.
Qd1 Qa6 {Gurevich,M (2672)-Hamdouchi,H (2544)/FRA-chT/2004/} 27. f4 $36 {
M.Gurevich}) (7... e5 $6 {is strategically dubious, closing the [+] limits
Black's chances for full-blooded <=>:} 8. Be2 Na6 9. Bg5 h6 10. Be3 Nc7 11. Qd2
Kh7 12. h4 Ng4 13. Bxg4 Bxg4 14. h5 g5 15. a3 Rb8 16. b4 b6 17. Qc2 a6 18. Rb1
Qe7 19. Nf5 Bxf5 20. exf5 f6 21. bxc5 bxc5 22. Ke2 Qd7 23. g4 Na8 24. Qa4 $16 {
Kortschnoj,V (2607)-Saud,M (2154)/Turin olm/2006/}) 8. a4 e6 9. Be2 exd5 10.
cxd5 Nbd7 (10... h5 11. Bg5 Qb6 12. Qc1 Nh7 13. a5 Qc7 14. Bh6 Nd7 15. Bxg7
Kxg7 16. O-O h4 17. Nh1 Re8 18. f4 b5 19. axb6 Qxb6 20. Bc4 Rb8 21. b3 $14 {
Peralta,F (2570)-Cossin,S (2494)/Marrakesh/2010/}) 11. O-O Re8 12. f3 {
Although White normally develops his Bc1 first, this is usually a useful move
in any case.} (12. Bf4 Ne5 13. Qd2 Bd7 14. Rfb1 Rc8 15. h3 c4 16. Be3 h5 17. a5
Bb5 18. f3 Nfd7 19. Nxb5 axb5 20. Qb4 f5 21. a6 (21. exf5 $5 $14) 21... bxa6
22. Qxd6 h4 23. Nf1 fxe4 24. f4 Nd3 $13 {Braun,A (2538)-Efimenko,Z (2683)/
Bundesliga 1011/2011/}) (12. Bg5 h6 13. Be3 h5 14. f3 (14. Bg5 Qa5 15. Qc1 Nh7
16. Bh4 c4 $5 17. f4 Nc5 18. Qe3 Qb4 19. e5 Bd7 20. Kh1 Rac8 21. Rab1 Kh8 22.
Bxh5 dxe5 23. f5 gxh5 24. Nxh5 Qb6 25. Nxg7 Kxg7 26. Ne4 Qh6 27. f6+ Kg6 28.
Qg3+ Kh5 29. Nxc5 Rxc5 30. Rbe1 Ng5 31. Rxe5 Rxe5 32. Qxe5 Qg6 33. Bxg5 Qxg5
34. Qe4 Qg6 35. Qe5+ {1/2,Napalkov,V (2390)-Rubinas,P (2562)/corr/2008/}) 14...
Nh7 15. Qd2 (15. Rf2 Ne5 16. Nf1 f5 17. h3 Bd7 18. exf5 Bxf5 19. g4 hxg4 20.
hxg4 Bd7 21. Qc2 Nf6 22. Bg5 Nf7 23. Bd2 b5 24. axb5 axb5 25. Rxa8 Qxa8 26.
Bxb5 Bxb5 27. Nxb5 {Gurevich,M (2633)-Lie,K (2536)/Tromsoe/2007/} Nxd5 28. Qxg6
Qc6 29. Nc3 Ne5 $132) 15... h4 16. Nh1 f5 17. Nf2 Ne5 18. Rfe1 Bd7 19. exf5
gxf5 20. Kh1 Qf6 21. Nh3 Ng6 22. f4 $14 b5 $6 23. axb5 axb5 24. Rxa8 Rxa8 25.
Bxb5 Bxb5 26. Nxb5 Rb8 27. Nc3 $16 {Taborov,B (2430)-Nikolaev,L (2262)/Kiev/
2000/}) ({A more ambitious idea is} 12. f4 $5 h5 13. e5 dxe5 14. f5 $44 {
- a typical Benoni motif, White's initiative can't be underrated:} h4 15. Nge4
Nxe4 16. Nxe4 Nf6 17. fxg6 fxg6 18. Nxc5 Bf8 19. Be3 Bxc5 20. Bxc5 Qxd5 21. Qc2
Kg7 22. Rad1 Qe4 23. Bd3 $36 {Dawidow,J (2344)-Spisak,C (2359)/Wysowa/2003/}) (
12. Be3 h5 {transposes to 12.Bg5, only with one move less.}) 12... Rb8 13. Be3
h5 (13... Ne5 14. Qd2 h5 (14... Bd7 15. a5 h5 16. h3 h4 17. Nh1 b5 18. axb6
Rxb6 19. Rxa6 Rxa6 20. Bxa6 Qa5 21. Be2 Qb4 22. Nf2 Rb8 23. Bg5 Nh5 24. Bxh4
Qxb2 25. Qxb2 Rxb2 26. Nfd1 Rc2 27. f4 Nc4 28. Bxc4 Bxc3 29. Nxc3 Rxc3 30. Be2
Re3 31. Bf3 Bb5 32. Rb1 Bd3 33. Rb8+ Kg7 34. Kf2 $18 {Novikov,I (2601)-Vera
Gonzalez Quevedo,R (2547)/Saint Vincent/1999/}) 15. h3 $5 (15. Bg5 Qa5 16. f4
Ned7 17. f5 Qb4 18. fxg6 fxg6 19. e5 Rxe5 20. Bf4 h4 21. Bxe5 Nxe5 22. Nh1 Qd4+
23. Qxd4 cxd4 24. Nd1 Nxd5 $17 {Barreto Filho,C (2277)-Fier,A (2653)/Americana/
2009/}) (15. Rab1 Qa5 16. h3 (16. Nh1 b5 17. b3 Bd7 18. axb5 axb5 19. Nf2 Ra8
20. Rfc1 b4 21. Ncd1 Bb5 22. Nb2 Bxe2 23. Qxe2 Qa2 24. Qc2 Ra3 $17 {Zalkind,K 
(2164)-Tate,A (2167)/Budapest/2008/}) 16... h4 17. Nh1 b5 18. axb5 axb5 19. Ra1
Qb4 20. Qc2 Nc4 21. Bc1 Nh5 22. Nf2 (22. Nxb5 $142 $1 $13) 22... Na5 23. Ra3
Ng3 $36 {Truskavetsky,A (2243)-Kovchan,A (2459)/Alushta/2001/}) 15... Qa5 (
15... c4 16. a5 b5 17. axb6 Rxb6 18. Bxb6 Qxb6+ 19. Kh2 h4 20. Nh1 Nh5 21. f4
Nd3 $14 {/~~,Yevseev,D (2539)-Zvara,P (2347)/Pardubice/1999/}) 16. Rfb1 {
Now Black doesn't get to play b5 as after 15.Rab1:} Qb4 17. a5 Bd7 18. Nf1 Nc4
19. Bxc4 Qxc4 20. Bh6 Bb5 $2 (20... Qd4+ 21. Qxd4 cxd4 22. Bxg7 Kxg7 23. Na4
$14) 21. Bxg7 Kxg7 22. Ne3 Qb4 23. b3 Nd7 24. Nc2 {Hellsten,J (2477)-Khomeriki,
G (2205)/Kavala/2002/}) 14. Qd2 (14. Nh1 $5 Nh7 15. Nf2 f5 (15... Ne5 $142) 16.
Qd2 Qe7 17. Rfe1 $36 g5 $6 18. f4 g4 19. Bd3 Bxc3 $2 20. bxc3 Qf7 21. c4 $18 {
Raupp,T (2330)-Feustel,B (2325)/BL2S 9293/1992/}) 14... Nh7 (14... Ne5 {
-13...Ne5}) 15. Bh6 $146 ({The standard N-manoeuvre} 15. Nh1 {again deserves
attention:} Ne5 16. Nf2 Bd7 17. a5 (17. h3 b5 18. axb5 axb5 19. Ra7 {Baklanova,
T (2247)-Milligan,H (2033)/Khanty Mansiysk olw/2010/} b4 20. f4 bxc3 21. bxc3
Rb3 $132) (17. Rfb1 $5 {/\} b5 $6 18. axb5 axb5 19. b4 $36) 17... f5 18. b4 (
18. Rfe1 $14) 18... cxb4 19. Na4 Bb5 20. Nb6 Bxe2 21. Qxe2 fxe4 22. Nxe4 Ng4
23. Rab1 Nxe3 24. Qxe3 Nf6 25. Rxb4 Nxe4 26. Rxe4 Rxe4 27. Qxe4 Qe8 $132 28.
Qd3 $6 Kh7 29. f4 Qb5 $1 $36 {Bratanov,Z (2463)-Petrov,M (2500)/Blagoevgrad/
2010/}) 15... Bd4+ 16. Be3 Bg7 {Black naturally doesn't want to exchange the
Bg7, important both for the defence and any possible <=>.} 17. Rfd1 h4 18. Nf1
(18. Nh1 h3 19. g3 (19. gxh3 $5) 19... Ne5 20. Nf2 b5 $132) 18... h3 19. g3 (
19. gxh3 Qh4 20. Qe1 Qxh3 21. Qg3 Ne5 $13) (19. g4 Ne5 $132) 19... b5 ({
The simple} 19... Ne5 $5 $13 {is less committal:} 20. Bh6 Bxh6 21. Qxh6 Ng5 22.
Nd2 (22. f4 Ngf3+ 23. Bxf3 $8 (23. Kh1 $4 Ng4 {[%cal Rg4f2]}) 23... Nxf3+ 24.
Kf2 Nd4 $15) 22... Qf6 23. f4 (23. Rf1 Ng4 24. fxg4 Qd4+ 25. Kh1 Qxd2 26. Rxf7
(26. Rf6 Bxg4 27. Rxg6+ fxg6 28. Qxg6+ Kh8 29. Qh6+ $11)) 23... Ng4 24. Bxg4
Qd4+ 25. Kf1 (25. Kh1 $2 Bxg4 {[%cal Rd4f2] /\Qf2-+}) 25... Bxg4 26. Qxg5 Qd3+
27. Kf2 Qd4+ 28. Kf1 $11) 20. axb5 axb5 21. Nxb5 Ne5 {[%cal Rb8b5]} (21... Qb6
22. Kf2 Ba6 (22... Ne5 23. Qa5 $36) 23. Rxa6 Qxa6 24. Nc7 $16) 22. Nc3 (22. Qa5
$5 Qe7 23. b4 $14) 22... f5 23. Ra7 (23. exf5 Bxf5 $32 {/\Rb4, Qb6|^} 24. g4
Bc8 25. Ng3 Nxf3+ $1 26. Bxf3 Rxb2 $1 27. Qxb2 Rxe3 $44) (23. f4 Ng4 24. Bxg4
fxg4 {[%csl Re4] <=>><e4}) 23... Qb6 24. Rxg7+ $5 {[%mdl 576]} ({White is not
interested in} 24. Ra2 Qb3 $44 {and instead comes up with a positional
sacrifice of his own to fight for the initiative. The game quickly enters the
phase of tactical complications.}) 24... Kxg7 25. b4 Ba6 (25... Qxb4 26. Rb1
Qxb1 27. Nxb1 Rxb1 28. f4 (28. Qc2 $5 $14) 28... Ng4 (28... Nf7 29. Qc2 Rb8 30.
e5 $36) 29. Bxg4 fxg4 30. Qc2 Rb7 31. e5 $14) 26. b5 Bxb5 $5 {Black also
doesn't want to defend passively and the tension on the board grows.} (26...
Bc8 27. Bh6+ Kg8 28. Ne3 Qc7 (28... fxe4 29. Nxe4 $36) 29. exf5 $44 {[%csl Rg8]
׻}) 27. Nxb5 Qxb5 28. f4 Qa4 (28... Nc4 $2 29. Qc3+ Nf6 30. e5 $1 (30. Bxc4 $6
Qb4 $13) 30... dxe5 31. fxe5 $16) 29. fxe5 Qxe4 30. Bh6+ Kg8 31. Ne3 $13 {
The resulting position is unclear and complex. If White manages to coordinate
his minor pieces, he can hope for an advantage, but containing Black's <=> is
not easy.} Qxe5 (31... Rxe5 32. Bf4 (32. Bf1 Nf6 33. Bf4 Rb3 $1 34. Bxe5 Qxe5
$44) 32... Rb3 (32... Ree8 33. Bd3 Qd4 34. Qc1 Rb3 35. Bc2 Rbxe3 36. Rxd4 Re1+
37. Qxe1 Rxe1+ 38. Kf2 Rh1 39. Rd2 Rxh2+ 40. Kg1 $14 {/+/-}) 33. Bd3 Qd4 34.
Bxe5 Qxe5 35. Kf1 $5 $14) (31... g5 $5 32. e6 f4 (32... Rb3 33. Bd3 Qd4 34. Kf1
c4 35. Nxf5 Qxd3+ 36. Qxd3 cxd3 37. Nxd6 $14) 33. gxf4 (33. Bh5 Nf6 (33...
Qxe3+ 34. Qxe3 fxe3 35. Bf7+ Kh8 36. Bxe8 Rxe8 37. Rd3 Kg8 38. Rxe3 Nf6 39.
Bxg5 Nxd5 40. Rd3 Nc7 41. e7 d5 42. g4 d4 43. Rxh3 Nd5 $13) 34. Bf7+ Kh7 $1 (
34... Kh8 $2 35. Bxg5 $18) 35. gxf4 gxf4 {-33...gf4}) 33... gxf4 34. Bh5 Nf6 $1
(34... fxe3 35. Bf7+ Kh8 36. Qc3+ $18) (34... Qxe3+ 35. Qxe3 fxe3 36. Bxe8 Rxe8
37. Bxe3 $16) 35. Bf7+ (35. Bxe8 fxe3 36. Bf7+ Kh7 37. Bxe3 Qg4+ 38. Kf1 Rb2 $1
$19) 35... Kh8 (35... Kh7 $5 {is similar}) 36. Bxf4 Qxf4 37. Bxe8 Rb3 38. Nf1 (
38. Qf2 Qxe3 $11) 38... Qg4+ 39. Ng3 Rxg3+ 40. hxg3 Qxg3+ 41. Kh1 Qf3+ $11) 32.
Bf4 Qe7 33. Bd3 Nf6 $6 {After this inaccuracy the game is still far from
decided, but White gradually starts taking over the initiative.} (33... Rb4 $1
$132 {/\} 34. Nc4 Rxc4 35. Bxc4 g5 $11) (33... Ng5 $6 34. Nxf5 $1 Nf3+ 35. Kf2
gxf5 36. Kxf3 $16) 34. Nc4 $36 Rbd8 35. Bg5 Qf7 (35... Rd7 36. Qb2 Rf8 37. Bf1
Qg7 {[%cal Yf6e4] /\Ne4} 38. Qc1 $5 $14) 36. Qb2 Rf8 37. Bf1 Rb8 38. Qc1 Ne4
39. Bxh3 (39. Bf4 Qf6 $132) 39... Rb3 (39... Nxg5 40. Qxg5 Qf6 41. Qf4 $14 {
/+/-}) 40. Bf1 f4 $2 {Black's attempt to lash out is easily refuted. The
situation was still not so desperate:} (40... Rc3 $142 41. Qf4 Qa7 $1 $14) 41.
Bxf4 g5 (41... Rc3 42. Qb2 $18 {><d6}) 42. Nxd6 Nxd6 43. Bxd6 Qf2+ 44. Kh1 $18
{Black's position has fallen apart, all he has are 1-2 harmless checks.} Rf5
45. Bxc5 Qa2 (45... Qf3+ 46. Bg2 $18) 46. Bc4 1-0

[Event "Ciocaltea Memorial"]
[Site "Bucharest"]
[Date "2002.03.08"]
[Round "5"]
[White "Rogozenco, Dorian"]
[Black "Sofronie, Iulian"]
[Result "0-1"]
[WhiteElo "2530"]
[BlackElo "2458"]
[Annotator "Stohl,I"]
[PlyCount "70"]
[EventDate "2002.03.04"]
[EventType "tourn"]
[EventRounds "11"]
[EventCountry "ROU"]
[EventCategory "9"]
[SourceTitle "CBM 088"]
[Source "ChessBase"]
[SourceDate "2002.03.21"]
[SourceVersion "1"]
[SourceVersionDate "2002.03.21"]
[SourceQuality "1"]

1. d4 {Kapengut} Nf6 2. c4 g6 3. Nc3 Bg7 4. e4 d6 5. f3 (5. Nge2 O-O 6. Ng3 c5
7. d5 e6 8. Be2 exd5 9. cxd5 Re8 10. O-O a6 11. a4 Nbd7 12. Bf4 h5 13. Bg5 Nf8
14. f3 $6 (14. f4 $142 $1 $14 {-Svetushkin,D-Sofronie,I/Bucharest/2002/}) 14...
N8h7 15. Be3 h4 16. Nh1 Nh5 17. Qd2 f5 18. Nf2 Qe7 19. f4 fxe4 20. Ncxe4 N5f6
21. Nxf6+ Nxf6 22. Ra3 Bf5 23. a5 Qd7 24. Bf3 {Kaposztas,M-Blees,A/Harkany/
1994/} Qb5 $132) 5... O-O 6. Nge2 c5 7. d5 e6 8. Ng3 exd5 9. cxd5 a6 10. a4 h5
11. Bg5 {Kapengut: 'The last time white does not hurry up to define a position
of the blacksquare bishop and waits, while black will go h5 and the bishop
will get on g5 in one rate instead of Bc1-e3 or Bc1-g5-h6-Be3.'} Nbd7 12. Qd2 {
Perhaps this natural move is already not ideal, as now Black's manoeuvre from
the above game becomes more effective. By placing his N on h7 and h5 he wants
to control the dark squres on the >>.} (12. Be2 Re8 13. O-O Nf8 {Kapengut: '
(With the black extra move this position was occurred in the game Amura,
C-Romero,M/ 1989)'} 14. f4 $1 N8h7 15. Bh4 Qa5 16. h3 Bd7 {'?!' Kapengut.} (
16... Qb4 $5 {[%csl Rb2,Re4][%cal Gb4d4] Kapengut}) 17. Bc4 Qb4 18. Qd3 b5 19.
axb5 axb5 20. Rxa8 Rxa8 21. Bxb5 Qxb2 22. Rb1 Ra1 23. Rxa1 Qxa1+ 24. Kh2 Qa3
25. Bc4 Ne8 26. Nge2 Kh8 27. Bb5 $14 {Svetushkin,D-Sofronie,I/Bucharest/2002/})
12... Re8 13. Be2 Nf8 $5 {Kapengut: 'Other possibility to avoid the unpleasant
pin is Qa5.' An interesting idea, altogether not typical for this line-Black
usually places his Nd7 on e5, while playing Nh7 and f5, e.g.,} (13... Qa5 14.
O-O Nh7 15. Be3 h4 16. Nh1 f5 17. Nf2 Ne5 18. f4 Nf7 19. Bd3 Bd7 20. Rfe1 Nf6
21. Qc2 Nh6 {Zhukova,N-Sziva,E/Istanbul olw/2000/} 22. Bd2 $1 $36) 14. O-O (14.
f4 $2 N8h7 {/\} 15. Bh4 Nxe4 $1 16. Ncxe4 Qxh4 17. Nxd6 Rd8 $40) 14... N8h7 15.
Bh6 {'N?!' Kapengut. Kapengut: 'White bishop can not organize an attack by
itself, but it's absence on the important diagonal would help black.'} (15. Be3
h4 {'!?' Kapengut.} (15... Nd7 16. Rfd1 h4 17. Nh1 Ne5 18. Nf2 f5 19. Rab1 Qe7
{'?!' Kapengut.} (19... Qf6 {Kapengut}) 20. f4 Nf7 21. e5 dxe5 22. d6 Qd7 23.
Bxc5 b6 24. Bxb6 Bb7 25. a5 Qc6 26. Qd5 $16 {Vasilevich,T-Zozulia,A/Alushta
ztW/1999/}) (15... Bd7 {Kapengut} 16. Nh1 Qe7 17. Nf2 {without Qe7 this
position was occurred in the game Navrotescu,C-Negrulescu/ Predeal ch-RO 1988;
with the black extra move Rb8 - Bykhovsky,Av-Uritzky,M/ Tel Aviv ASA 1996}) 16.
Nh1 Nh5 $132 {1/2,Varga,Z-Badea,B/Odorheiu Secuiesc/1992/} 17. Nf2 f5 {with
the black extra move 18...Qe7- Kaposztas,M - Blees,A/ Harkany op 1994} 18. exf5
gxf5 19. f4 Ng3 $5 20. Rfe1 Nxe2+ 21. Rxe2 Bd7 22. a5 b5 23. axb6 Qxb6 24. Nfd1
Qb4 25. Qe1 Nf6 26. Qxh4 Qc4 27. Qg3 Nxd5 28. Rd2 Nxe3 29. Nxe3 Rxe3 $1 $17 {
Bagirov,V-Dydyshko,V /Minsk 1984 It is interestingly that the last game had
started as Nimzo-Indian!}) (15. Bh4 $2 Nxe4 $17) 15... Bh8 (15... h4 $2 16.
Bxg7 Kxg7 17. Nh1 $16 {Without the dark-squared B Black's plan his not
effective and his >> is seriously weakened}) 16. Rfe1 (16. Nh1 h4 17. g4 hxg3
18. Nxg3 Bh3 19. Rfe1 Nd7 20. Kh1 Qh4 21. Be3 Bg7 22. Rab1 Rac8 23. Nd1 Ne5 $13
{Martinez Martin,D-Moreno Ruiz,J/Mondariz/1999/}) 16... h4 17. Nf1 (17. Nh1 {
Kapengut} Nh5 {[%csl Rh6] /\ g5} 18. Be3 f5 $132 19. Nf2 Qf6 20. exf5 gxf5 21.
f4 Qg6 $132) 17... Nh5 {[%cal Rg6g5,Rd8f6] /\g5,Qf6} 18. f4 $2 {'?!' Kapengut.
White understandably wants to counter Black's dark-square play, but this cuts
off the Bh6 and fails to an elegant tactical stroke.} (18. Be3 Be5 (18... g5
19. a5 Bd7 (19... Be5 20. Na4 Qf6 21. Rab1 {[%cal Ra4b6,Rb6c4] /\Nb6-c4+/-})
20. Na4 Bxa4 21. Rxa4 Be5 22. b4 $36) (18... f5 $5 $132) 19. a5 (19. f4 $5 Bxc3
20. Qxc3 N5f6 21. Nd2 Nxe4 22. Nxe4 Rxe4 23. Bf3 Rb4 $13) 19... Qf6 (19... b5
20. axb6 Qxb6 21. Na4 {[%cal Rf3f4] /\f4+/-}) (19... Bd7 20. Na4 $36) 20. Na4
Rb8 $1 21. Rab1 Nf4 {[%cal Rc8h3,Rh4h3] /\h3,Bh3!<=>}) 18... Bd4+ 19. Kh1 {
Kapengut: '[#]'} (19. Ne3 Qf6 20. Rf1 Ng7 $1 {[%cal Rg7f5] /\Nf5} 21. Bxg7 $8
Qxg7 22. Bd3 f5 $36 (22... Nf6 $15)) 19... Ng3+ $1 {[%mdl 64] Kapengut: 'The
excellent sacrifice of the khight gives the black a long initiative.'} 20. hxg3
$6 {White is shocked and doesn't put up much resistance.} (20. Nxg3 $1 hxg3 21.
hxg3 Bf2 22. Kh2 $8 Bxe1 23. Rxe1 Qf6 $13 {/=/+}) 20... hxg3 21. Bg5 $8 Nxg5
22. fxg5 Kg7 {'!' Kapengut.} 23. Ne3 $2 {'?!' Kapengut.} (23. Nxg3 $142 Rh8+
24. Nh5+ gxh5 (24... Rxh5+ $6 25. Bxh5 Qh8 26. Qe2 $14) 25. Rf1 Be5 $17 {
[%csl Rg5][%cal Rg7g6,Rh8h7] /\Kg6,Rh7,><g5} (25... h4 $5 $36) (25... Bg4 $36 {
Kapengut})) 23... Rh8+ ({A little dangerous for black was:} 23... Qxg5 $6 {
Kapengut} 24. Nf5+ $1 Bxf5 25. Qxg5 Rh8+ 26. Bh5 f6 27. Qh4 Bd7 $17) 24. Kg1
Qxg5 $19 {->} 25. Bf3 (25. Bd1 Rh2 26. Bf3 (26. Kf1 Rh1+ 27. Ke2 Bxe3 $19) (26.
Nb1 Qh4 (26... f5 $5 $19) 27. Kf1 Qxe4 $19) 26... Qh6 27. Kf1 Bxe3 28. Qxe3
Qxe3 29. Rxe3 Rh1+ $19) 25... f5 $5 {White is so tied up Black doesn't even
bother with winning material immediately by} (25... Qh6 26. Kf1 $8 Bxe3 27.
Rxe3 Qh1+ 28. Ke2 Qxa1 $19) 26. exf5 Bxf5 (26... gxf5 {[%cal Rf5f4] /\f4-+} 27.
Ncd1 f4 28. Ra3 fxe3 29. Nxe3 Bg4) 27. Ra3 Rae8 28. Ncd1 Bg4 $5 29. Rb3 (29.
Bxg4 Qxg4 30. Rb3 (30. Nf2 gxf2+ 31. Qxf2 Qh5 $19) 30... Qh5 31. Rxb7+ Kg8 32.
Kf1 (32. Nf2 gxf2+ 33. Kxf2 Rf8+ 34. Kg1 Qh1#) 32... Rf8+ $19) 29... b5 (29...
Qh5 30. Rxb7+ Kg8 31. Nf2 (31. Kf1 Bxf3 $19) 31... gxf2+ 32. Kxf2 Bxf3 $19 {/\}
33. gxf3 Qh2+) 30. axb5 Qh4 (30... Qh5 $19) 31. Kf1 (31. Nf2 gxf2+ 32. Qxf2
Qh1#) 31... Bxf3 32. gxf3 Qh1+ 33. Ke2 Rh2+ 34. Kd3 Rxd2+ 35. Kxd2 g2 0-1